Регионална библиотека "Любен Каравелов" - Русе

Manuel de medecine legale et de jurisprudence medicale (Запис номер 412452)

MARC детайли
000 -Лидер
Контролно поле с фиксирана дължина nam a22 a 4500
003 - Код на организацията, давaща контролен номер
Контролно поле BLK
005 - Дата и час на последна редакция
Контролно поле 20221208031054.0
008 - Елементи от данни с фиксирана дължина
fixed length control field 210504b bu |||||r|||| 00| | bu d
040 ## - Източник на каталожния запис
Идентификатор на билиотеката - собственик на записа BLK
041 ## - Код за език
Код за езика на текст/звукозапис или на отделно заглавие Френски
Код за езика КДБФ Френски
072 ## - Код за тематичната категория
9 (RLIN) 178367
Код за тематична категория Ц
Текст Редки и ценни
080 ## - УДК
Текстов определител УДК Помощни съдебни науки. Съдебна психология. Съдебна химия. Съдебна медицина. Съдебномедицинска експертиза. Експерти, съдебнотехн. и счетовод. експертиза, съдебна токсикология. Вж и 343
УДК код - определител по УДК 340.6
УДК определител (035)
УДК - код + определител 340.6(035)
100 ## - Редна дума - Автор
R(LIN) 1299
Автор Lutaud, Auguste
Авторска отговорност първи автор
139 ## - Редно поле
Редна дума Lutaud, Auguste
245 ## - Сведения за заглавието
Заглавие Manuel de medecine legale et de jurisprudence medicale
Редно поле (дума) Auguste Lutaud
250 ## - Област на изданието
Сведения за изданието 3-e edit.
260 ## - Област на издателските данни
9 (RLIN) 451870
Място на издаване, разпространение и проч. Paris
Име на издателя, разпространителя и проч. Lauweyrens
Година на издаване 1881
300 ## - Физическа характеристика
Страници VII-766 p.
Илюстрации и др. ill., fig.
380 ## - Жанр
Жанр Обществени науки
490 ## - СЕРИИ (Колекции)
9 (RLIN) 435080
Име на серия Колекция Редки и ценни издания
650 #7 - Допълнително описание по предмет – тема
9 (RLIN) 172903
Основно описание – тема или топоним Съдебна медицина
653 #7 - Ключова дума – ненормативна
9 (RLIN) 201009
Ключова дума юриспруденция
659 #7 - Тематичен бюлетин
9 (RLIN) 178164
Тематичен бюлетин Ц
Тематичен бюлетин - текст Редки и ценни
700 ## - Други автори (авторска отговорност)
Лично име Boutmy, M. E.
Автороска отговорност (Описва отношението между автора и произведението) съавт.
9 (RLIN) 1445
852 ## - Местоположение
Форматна сигнатура Рф 881
Фондова буква Редки и ценни
999 ## - СИСТЕМНИ КОНТРОЛНИ НОМЕРА
Koha biblionumber 412452
Koha biblioitemnumber 412452
942 ## - АРТИКУЛИ
Вид на библиотечния материал Книги
Скрит в OPAC Не
Периодичен библиозапис Да
944 ## - СЪЗДАВАНЕ И РЕДАКЦИЯ на ЗАПИСА
Създаване/Редакция Създаване
Дата на регистрацията/редакция 2021-05-04
Служител, извършил регистрацията/редакцията А.М.
Наличности
Код за отписване Код за изгубен артикул Източник на класификационната схема Код за повреда Коз за рестрикции Код за отдаване Артикулен № Име на библиотеката - собственик Име на библиотеката, в която се намира в момента Статус (Текущо местоположение) Дата на вписване в системата Местоположение - отдел Цена в лева Инвентарен номер Систематично азбучна сигнатура Баркод Цена в евро Служебен тип на артикула
  Не е изгубен Universal Decimal Classification Не е повреден само за читалня Специални фондове ( старопечатни, редки и ценни, фонд М. Арнаудов) 854920 Регионална библиотека "Любен Каравелов" Русе Регионална библиотека "Любен Каравелов" Русе Редки и ценни 2021-09-24 Редки и ценни 1.54 10444 Рф 881 900000056951 0.79 Книги
Vip Innovations Ltd, Rousse, Bulgaria 2025